Emerging global cities (Record no. 103011)
[ view plain ]
| 000 -LEADER | |
|---|---|
| fixed length control field | 01625cam a2200349 4500 |
| 008 - FIXED-LENGTH DATA ELEMENTS--GENERAL INFORMATION | |
| fixed length control field | 030806n2003 000 0 eng u |
| 020 ## - INTERNATIONAL STANDARD BOOK NUMBER | |
| International Standard Book Number | 1842191640 |
| 035 ## - SYSTEM CONTROL NUMBER | |
| System control number | (Sirsi) u123205 |
| 041 ## - LANGUAGE CODE | |
| Language code of text/sound track or separate title | eng |
| 050 ## - LIBRARY OF CONGRESS CALL NUMBER | |
| Classification number | 338.095 |
| -- | 18 |
| 100 ## - MAIN ENTRY--PERSONAL NAME | |
| Personal name | Parsa, Ali |
| 245 ## - TITLE STATEMENT | |
| Title | Emerging global cities |
| Remainder of title | comparisons of Singapore and the cities of United Arab Emirates |
| Medium | [electronic resource] |
| 260 ## - PUBLICATION, DISTRIBUTION, ETC. | |
| Place of publication, distribution, etc. | London |
| Name of publisher, distributor, etc. | RICS Foundation |
| Date of publication, distribution, etc. | 2003 |
| 300 ## - PHYSICAL DESCRIPTION | |
| Extent | 32p. |
| Dimensions | 30cm. |
| 490 ## - SERIES STATEMENT | |
| Series statement | RICS Foundation Report Series |
| 520 ## - SUMMARY, ETC. | |
| Summary, etc. | This report examines the impact of globalisation on emerging global cities by comparing the experiences of Singapore and the United Arab Emirates. Singapore is a city that has achieved its vision while the United Arab Emirates is a region seeking to establish itself. Key lessons for emerging global cities include achieving a clear economic vision, a stable and secure business environment, stable regional partnerships and a co-ordinated approach to policy implementation. View at www.rics-foundation.org. |
| 650 ## - SUBJECT ADDED ENTRY--TOPICAL TERM | |
| Topical term or geographic name entry element | SINGAPORE |
| 650 ## - SUBJECT ADDED ENTRY--TOPICAL TERM | |
| Topical term or geographic name entry element | UNITED ARAB EMIRATES |
| 650 ## - SUBJECT ADDED ENTRY--TOPICAL TERM | |
| Topical term or geographic name entry element | GLOBALISATION |
| 650 ## - SUBJECT ADDED ENTRY--TOPICAL TERM | |
| Topical term or geographic name entry element | WORLD ECONOMY |
| 650 ## - SUBJECT ADDED ENTRY--TOPICAL TERM | |
| Topical term or geographic name entry element | ECONOMIC DEVELOPMENT |
| 650 ## - SUBJECT ADDED ENTRY--TOPICAL TERM | |
| Topical term or geographic name entry element | BUSINESS ENVIRONMENT |
| 690 ## - LOCAL SUBJECT ADDED ENTRY--TOPICAL TERM (OCLC, RLIN) | |
| Topical term or geographic name as entry element | ECONOMIC ISSUES |
| 700 ## - ADDED ENTRY--PERSONAL NAME | |
| Personal name | Keivani, Ramin |
| 700 ## - ADDED ENTRY--PERSONAL NAME | |
| Personal name | Sim, Loo Lee |
| 700 ## - ADDED ENTRY--PERSONAL NAME | |
| Personal name | Ong, Seow Eng |
| 700 ## - ADDED ENTRY--PERSONAL NAME | |
| Personal name | Agarwal, Adeesh |
| 700 ## - ADDED ENTRY--PERSONAL NAME | |
| Personal name | Younes, Bassem |
| 710 ## - ADDED ENTRY--CORPORATE NAME | |
| Corporate name or jurisdiction name as entry element | Royal Institution of Chartered Surveyors |
| Subordinate unit | Foundation |
| 9 (RLIN) | 4173 |
| 856 ## - ELECTRONIC LOCATION AND ACCESS | |
| Uniform Resource Identifier | <a href="https://www.rics.org/Global/Downloads/EmergingGlobalCities200312.pdf">https://www.rics.org/Global/Downloads/EmergingGlobalCities200312.pdf</a> |
| -- | iew the report on the RICS Foundation website... |
| 942 ## - ADDED ENTRY ELEMENTS (KOHA) | |
| Suppress in OPAC | 0 |
| Withdrawn status | Lost status | Source of classification or shelving scheme | Damaged status | Not for loan | Home library | Current library | Shelving location | Date acquired | Total Checkouts | Full call number | Barcode | Date last seen | Copy number | Price effective from | Koha item type |
|---|---|---|---|---|---|---|---|---|---|---|---|---|---|---|---|
| Dewey Decimal Classification | London | London | RICS Boxes | 07/04/2004 | RICS 2003/50 | 30069106 | 06/08/2019 | 1 | 06/08/2019 | Archive | |||||
| Dewey Decimal Classification | London | London | RICS Boxes | 07/04/2004 | RICS 2003/50 | 30069110 | 06/08/2019 | 2 | 06/08/2019 | Reference material | |||||
| Dewey Decimal Classification | London | London | RICS Boxes | 07/04/2004 | RICS 2003/50 | 30069114 | 06/08/2019 | 3 | 06/08/2019 | Book | |||||
| Dewey Decimal Classification | Virtual | Virtual | Online | 07/04/2004 | ONLINE PUBLICATION | 123205-2001 | 06/08/2019 | 1 | 06/08/2019 | Book |